[Event "XVI Autunno Scacchistico A"]
[Site "Venezia ITA"]
[Date "2010.10.31"]
[Round "3"]
[White "Bortolussi, Andrea"]
[Black "Panican, Gheorghe"]
[Result "1/2-1/2"]
[WhiteElo "1951"]
[BlackElo "1915"]
[PlyCount "76"]
[EventDate "2010.10.30"]

1. e4 d6 2. d4 e5 3. dxe5 dxe5 4. Qxd8+ Kxd8 5. Bc4 Be6 6. Bxe6 fxe6 7. Be3 Nf6
8. f3 Bd6 9. Nd2 Nbd7 10. O-O-O b5 11. Nh3 Ke7 12. Rhf1 a5 13. Nf2 a4 14. Nd3
Rhb8 15. c4 c6 16. c5 Bc7 17. Nb4 Rc8 18. Nxc6+ Ke8 19. Kb1 Bb6 20. cxb6 Rxc6
21. Rc1 Rd6 22. b7 Rb8 23. Rc8+ Kf7 24. Rxb8 Nxb8 25. Rc1 Rd7 26. Ba7 Rxb7 27.
Bxb8 Rxb8 28. Rc7+ Kf8 29. Kc2 Rb6 30. b3 axb3+ 31. Nxb3 Ne8 32. Rc5 Ra6 33.
Kb1 Nd6 34. Rxe5 Nc4 35. Rc5 Rd6 36. Kc1 Ra6 37. Kb1 Rd6 38. Kc1 Ra6 1/2-1/2

[Event "XVI Autunno Scacchistico A"]
[Site "Venezia ITA"]
[Date "2010.10.31"]
[Round "3"]
[White "Buzio, Alberto"]
[Black "Zangrando, Gianpietro"]
[Result "1-0"]
[WhiteElo "1875"]
[BlackElo "1822"]
[PlyCount "47"]
[EventDate "2010.10.30"]

1. e4 e6 2. c4 c5 3. Nf3 Nc6 4. d4 d5 5. cxd5 exd5 6. exd5 Qxd5 7. Nc3 Qd8 8.
d5 Nd4 9. Nxd4 cxd4 10. Qxd4 Bd6 11. Bb5+ Bd7 12. O-O f6 13. Qg4 Qe7 14. Bf4
O-O-O 15. Qg3 Bxf4 16. Qxf4 Qe5 17. Qc4+ Qc7 18. Qb4 Qb6 19. Bxd7+ Rxd7 20. Nb5
Nh6 21. Rac1+ Kb8 22. Qf4+ Ka8 23. Nc7+ Kb8 24. Ne8+ 1-0

[Event "XVI Autunno Scacchistico A"]
[Site "Venezia ITA"]
[Date "2010.10.31"]
[Round "3"]
[White "Campagnola, Giacomo"]
[Black "Lavric, Mihail"]
[Result "0-1"]
[WhiteElo "1852"]
[BlackElo "2025"]
[PlyCount "104"]
[EventDate "2010.10.30"]

1. e4 c5 2. Nc3 Nc6 3. d3 d6 4. g3 g6 5. Bg2 Bg7 6. Be3 Nf6 7. Qd2 O-O 8. Nge2
a6 9. O-O b5 10. f4 Bb7 11. h3 b4 12. Nd1 Nd7 13. c3 a5 14. Nf2 Rb8 15. d4 Qc7
16. f5 Ba6 17. Rfe1 Qb6 18. dxc5 dxc5 19. fxg6 Nde5 20. gxh7+ Kxh7 21. Nf4 Rfd8
22. Nd5 Qa7 23. Qd1 Rd6 24. Qh5+ Kg8 25. Rac1 bxc3 26. Nxc3 Rg6 27. Kh2 Nd4 28.
b3 e6 29. Na4 Rc8 30. Bf4 Nd7 31. Ng4 Be2 32. Rxe2 Nxe2 33. Nf6+ Bxf6 34. Qxe2
Bg5 35. e5 Bxf4 36. gxf4 Rg7 37. Be4 Nf8 38. Nc3 Qe7 39. Nb5 Qh4 40. Qe3 Ng6
41. Rf1 a4 42. Nd6 Rb8 43. Bxg6 Rxg6 44. f5 Rg7 45. fxe6 fxe6 46. Qf3 Qg5 47.
Nf7 Qg6 48. Nd6 axb3 49. axb3 Rxb3 50. Qf8+ Kh7 51. Qf2 Rg3 52. Qxc5 Rxh3+ 0-1

[Event "XVI Autunno Scacchistico A"]
[Site "Venezia ITA"]
[Date "2010.10.31"]
[Round "3"]
[White "Carlassara, Renato"]
[Black "Tamburrini, Pierluigi"]
[Result "1-0"]
[WhiteElo "1831"]
[BlackElo "1881"]
[PlyCount "71"]
[EventDate "2010.10.30"]

1. e4 e6 2. d4 d5 3. Nd2 Nf6 4. e5 Nfd7 5. Bd3 c5 6. c3 Nc6 7. Ne2 f6 8. exf6
Nxf6 9. Nf3 Bd6 10. O-O e5 11. dxe5 Nxe5 12. Bb5+ Bd7 13. Bxd7+ Qxd7 14. Nxe5
Bxe5 15. Bf4 Bxf4 16. Nxf4 O-O 17. Qd2 Rad8 18. Rad1 Qf5 19. f3 Rfe8 20. Rfe1
Re5 21. Rxe5 Qxe5 22. Re1 Qd6 23. Re6 Qf8 24. Qe3 d4 25. cxd4 cxd4 26. Qb3 Qf7
27. Nd3 Nd5 28. Re4 Ne3 29. Qa4 Qg6 30. Nf4 Qb6 31. Re8+ Kf7 32. Rxd8 Qxd8 33.
Qb3+ Kf6 34. Qe6+ Kg5 35. Qe5+ Nf5 36. Ne6+ 1-0

[Event "XVI Autunno Scacchistico A"]
[Site "Venezia ITA"]
[Date "2010.10.31"]
[Round "3"]
[White "Ceschia, Ivano"]
[Black "Faccia, Sergio"]
[Result "1-0"]
[WhiteElo "2251"]
[BlackElo "2060"]
[PlyCount "61"]
[EventDate "2010.10.30"]

1. e4 e5 2. Nf3 f5 3. exf5 e4 4. Nd4 Nf6 5. Be2 Bc5 6. Nb3 Bb6 7. Bh5+ Kf8 8.
O-O d6 9. d3 Bxf5 10. dxe4 Bxe4 11. Nc3 Bc6 12. a4 a5 13. Bg5 g6 14. Bh6+ Kf7
15. Bf3 Re8 16. Nd5 Nbd7 17. Nxb6 Nxb6 18. Bxc6 bxc6 19. Bd2 Nc4 20. Bc3 Ne4
21. Qd4 Nxc3 22. Qxc4+ Nd5 23. Qxc6 Qg5 24. h4 Qh5 25. Rad1 Nf4 26. Qxc7+ Re7
27. Qc4+ Ne6 28. Rxd6 Rae8 29. Re1 Qf5 30. Nd4 Qf6 31. Rdxe6 1-0

[Event "XVI Autunno Scacchistico A"]
[Site "Venezia ITA"]
[Date "2010.10.31"]
[Round "3"]
[White "De Nisi, Roberta"]
[Black "Maffeo, Mauro"]
[Result "1-0"]
[WhiteElo "1931"]
[BlackElo "1802"]
[PlyCount "37"]
[EventDate "2010.10.30"]

1. d4 d5 2. c4 Nf6 3. Nc3 c6 4. cxd5 Nxd5 5. e4 Nxc3 6. bxc3 e6 7. Bc4 Be7 8.
Qg4 g6 9. e5 Nd7 10. Ne2 Nb6 11. Bb3 Nd5 12. O-O h5 13. Qf3 b5 14. Rd1 Bd7 15.
Bd2 Bg5 16. Ng3 Bxd2 17. Rxd2 Qg5 18. Ne4 Qf4 19. Nd6+ 1-0

[Event "XVI Autunno Scacchistico A"]
[Site "Venezia ITA"]
[Date "2010.10.31"]
[Round "3"]
[White "Di Lascio, Savino"]
[Black "Buchicchio, Giancarlo"]
[Result "0-1"]
[WhiteElo "1921"]
[BlackElo "2095"]
[PlyCount "64"]
[EventDate "2010.10.30"]

1. e4 Nf6 2. e5 Nd5 3. d4 d6 4. c4 Nb6 5. f4 dxe5 6. fxe5 Nc6 7. Be3 Bf5 8. Nc3
e6 9. Nf3 Be7 10. Be2 O-O 11. O-O f6 12. d5 Nxe5 13. Bxb6 axb6 14. Nh4 Qd7 15.
h3 Bg6 16. Nxg6 hxg6 17. Qc2 f5 18. Rae1 c6 19. dxe6 Qxe6 20. b3 Qf6 21. a4 Qg5
22. Bd1 Bc5+ 23. Kh1 Ng4 24. Bxg4 fxg4 25. Ne4 Qh5 26. Nxc5 bxc5 27. Qe2 gxh3
28. Qe6+ Kh7 29. g3 Rad8 30. Qe7 Rxf1+ 31. Rxf1 Rd1 32. Qf7 Qe2 0-1

[Event "XVI Autunno Scacchistico A"]
[Site "Venezia ITA"]
[Date "2010.10.31"]
[Round "3"]
[White "Fracasso Pezzolato, Michele"]
[Black "Cedriano, Filippo"]
[Result "0-1"]
[WhiteElo "1823"]
[BlackElo "2006"]
[PlyCount "104"]
[EventDate "2010.10.30"]

1. e4 e6 2. d4 d5 3. e5 c5 4. c3 Nc6 5. Nf3 Qb6 6. Bd3 Bd7 7. Bc2 f6 8. O-O
cxd4 9. cxd4 O-O-O 10. a3 fxe5 11. Nxe5 Nxe5 12. dxe5 Kb8 13. Be3 Bc5 14. Bxc5
Qxc5 15. b4 Qc7 16. Re1 Ne7 17. Nd2 Rhf8 18. Nb3 Bc8 19. Rc1 Qd7 20. Nd4 Qe8
21. b5 Bd7 22. Bd3 Rc8 23. Qd2 Qf7 24. Rxc8+ Nxc8 25. g3 Nb6 26. f4 h6 27. Rf1
Qe7 28. Qb2 Qc5 29. Kg2 Nc4 30. Bxc4 dxc4 31. Qc3 Bxb5 32. Nxb5 Qxb5 33. Rd1
Rc8 34. Rd6 Qb3 35. Qxb3 cxb3 36. Rd1 Rc2+ 37. Kf3 b2 38. Rb1 Rxh2 39. f5 exf5
40. e6 Kc7 41. Rd1 Rd2 42. e7 Rxd1 43. e8=Q b1=Q 44. Qe7+ Kc6 45. Qe6+ Kc5 46.
Qc8+ Kd4 47. Qd7+ Kc4 48. Qc7+ Kd3 49. Qd6+ Kc3 50. Qe5+ Kb3 51. Qb5+ Ka2 52.
Qe2+ Ka1 0-1

[Event "XVI Autunno Scacchistico A"]
[Site "Venezia ITA"]
[Date "2010.10.31"]
[Round "3"]
[White "Gabassi, Francesco"]
[Black "Zanetto, Marco"]
[Result "1/2-1/2"]
[WhiteElo "1885"]
[BlackElo "1854"]
[PlyCount "86"]
[EventDate "2010.10.30"]

1. e4 e5 2. Nf3 Nc6 3. Bb5 a6 4. Ba4 Nf6 5. Qe2 Bc5 6. c3 b5 7. Bb3 O-O 8. O-O
d6 9. d3 Bg4 10. Be3 Bxe3 11. Qxe3 Na5 12. Bc2 c5 13. Nbd2 Nc6 14. h3 Bh5 15.
Rfd1 Qe7 16. Nf1 b4 17. Ng3 a5 18. Nf5 Qc7 19. g4 Bg6 20. Qg5 a4 21. N3h4 bxc3
22. bxc3 Rfb8 23. Nxg7 Nxg4 24. hxg4 Kxg7 25. Nf5+ Kf8 26. Qf6 Bxf5 27. gxf5
Qd8 28. Qxd8+ Nxd8 29. Rab1 a3 30. Kh2 Rb2 31. Rxb2 axb2 32. Rb1 Rb8 33. Bb3
Nc6 34. Rxb2 Na5 35. Rb1 Nxb3 36. Rxb3 Ra8 37. a3 Ke7 38. c4 Kf6 39. Kg3 Kg5
40. Rc3 h5 41. Rb3 Ra6 42. Rc3 Ra8 43. Rb3 Ra6 1/2-1/2

[Event "XVI Autunno Scacchistico A"]
[Site "Venezia ITA"]
[Date "2010.10.31"]
[Round "3"]
[White "Gallana, Marco"]
[Black "Gouillart, Sylvain"]
[Result "1-0"]
[WhiteElo "2080"]
[BlackElo "1929"]
[PlyCount "53"]
[EventDate "2010.10.30"]

1. d4 Nf6 2. c4 e6 3. g3 Bb4+ 4. Bd2 a5 5. Bg2 d5 6. Nf3 O-O 7. O-O Bxd2 8.
Nbxd2 Nbd7 9. Qc2 c6 10. e4 dxe4 11. Nxe4 Nxe4 12. Qxe4 c5 13. Rfd1 Qb6 14. Rd2
cxd4 15. Nxd4 Qb4 16. Qe2 Nc5 17. Nf3 f6 18. Rad1 e5 19. Nh4 Be6 20. Bd5 Bxd5
21. Rxd5 Rac8 22. Nf5 Ne6 23. Rd7 Qxc4 24. Qh5 Kh8 25. Nd6 Qc6 26. Nxc8 Rxc8
27. R7d6 1-0

[Event "XVI Autunno Scacchistico A"]
[Site "Venezia ITA"]
[Date "2010.10.31"]
[Round "3"]
[White "Gallo, Enrico"]
[Black "Santolini, Luigi"]
[Result "1-0"]
[WhiteElo "2127"]
[BlackElo "2235"]
[PlyCount "87"]
[EventDate "2010.10.30"]

1. e4 c6 2. d4 d5 3. e5 Bf5 4. Ne2 e6 5. Ng3 Bg6 6. h4 h5 7. Be2 Be7 8. Bxh5
Bxh5 9. Nxh5 g6 10. Nf4 Rxh4 11. Rxh4 Bxh4 12. Qd3 Kd7 13. Nc3 Na6 14. Be3 Qa5
15. Qe2 Be7 16. O-O-O Bb4 17. Nb1 Qxa2 18. Rh1 Be7 19. Rh7 Rf8 20. Qf3 Ke8 21.
Nd3 Nb4 22. Nxb4 Bxb4 23. c3 Be7 24. Qh3 a5 25. Rh8 a4 26. Qh7 a3 27. Nxa3 Bxa3
28. bxa3 Qxa3+ 29. Kd1 Qxc3 30. Rxg8 Qd3+ 31. Ke1 Qc3+ 32. Kf1 Qd3+ 33. Kg1
Qb1+ 34. Kh2 Qf5 35. Rxf8+ Kxf8 36. Qh3 Qe4 37. Bg5 Kg8 38. Qh4 Qxh4+ 39. Bxh4
b5 40. Be7 f5 41. exf6 Kf7 42. Kg3 b4 43. Bxb4 Kxf6 44. Kf4 1-0

[Event "XVI Autunno Scacchistico A"]
[Site "Venezia ITA"]
[Date "2010.10.31"]
[Round "3"]
[White "Garonzi, Martino"]
[Black "Redo, Giorgio"]
[Result "0-1"]
[WhiteElo "2038"]
[BlackElo "2115"]
[PlyCount "102"]
[EventDate "2010.10.30"]

1. e4 c5 2. Nf3 Nc6 3. d4 cxd4 4. Nxd4 Nf6 5. Nc3 e5 6. Ndb5 Bb4 7. Nd6+ Ke7 8.
Nf5+ Kf8 9. Bd2 d5 10. exd5 Bxc3 11. Bxc3 Nxd5 12. Ne3 Nxc3 13. Qxd8+ Nxd8 14.
bxc3 Be6 15. O-O-O Rc8 16. Bc4 Ke7 17. Bxe6 Kxe6 18. Rd5 Nc6 19. Rhd1 Rhd8 20.
c4 Nd4 21. c3 Rxd5 22. cxd5+ Kd7 23. Kb2 Nb5 24. c4 Nd4 25. Rd3 f5 26. Rc3 b6
27. Nc2 Nxc2 28. Kxc2 Kd6 29. Kd3 b5 30. cxb5 Rxc3+ 31. Kxc3 Kxd5 32. Kb4 e4
33. a4 Kd4 34. a5 f4 35. Kb3 Kd3 36. b6 axb6 37. axb6 e3 38. b7 e2 39. b8=Q
e1=Q 40. Qxf4 Qc3+ 41. Ka2 Qd2+ 42. Qxd2+ Kxd2 43. Kb3 Ke2 44. f4 Kf2 45. g4
Kf3 46. g5 Kxf4 47. g6 hxg6 48. Kc4 g5 49. Kd3 g4 50. Kd4 g3 51. hxg3+ Kxg3 0-1

[Event "XVI Autunno Scacchistico A"]
[Site "Venezia ITA"]
[Date "2010.10.31"]
[Round "3"]
[White "Genocchio, Daniele"]
[Black "Pechy, Alaster"]
[Result "1-0"]
[WhiteElo "2449"]
[BlackElo "2191"]
[PlyCount "65"]
[EventDate "2010.10.30"]

1. e4 c5 2. c3 d5 3. exd5 Qxd5 4. d4 Nf6 5. Nf3 cxd4 6. cxd4 e6 7. Bd3 Be7 8.
Nc3 Qd8 9. O-O O-O 10. Re1 Nc6 11. a3 a6 12. Bg5 h6 13. Be3 Bd6 14. Rc1 Ng4 15.
Ne4 Nxe3 16. fxe3 Bb8 17. Nc5 Qd6 18. Bb1 f5 19. Ba2 Kh7 20. Qb3 Na5 21. Qd3 b6
22. Ne4 Qd7 23. Bxe6 Qb7 24. Neg5+ hxg5 25. Rxc8 Bxh2+ 26. Kxh2 Raxc8 27. Bxf5+
g6 28. Bxc8 Qxc8 29. Ne5 Qe6 30. Rc1 b5 31. Rc7+ Kh6 32. Qe4 Qd6 33. Rd7 1-0

[Event "XVI Autunno Scacchistico A"]
[Site "Venezia ITA"]
[Date "2010.10.31"]
[Round "3"]
[White "Locci, Damiano"]
[Black "Del Monaco, Andrea"]
[Result "0-1"]
[WhiteElo "2153"]
[BlackElo "2277"]
[PlyCount "94"]
[EventDate "2010.10.30"]

1. c4 g6 2. Nc3 Bg7 3. g3 c5 4. Bg2 Nc6 5. e3 Nh6 6. Nge2 Nf5 7. O-O h5 8. f4
d6 9. d3 Bd7 10. Rb1 Qc8 11. a3 h4 12. g4 h3 13. gxf5 hxg2 14. Rf2 Bxf5 15.
Kxg2 Bf6 16. Ng3 Bh4 17. Nce2 Bg4 18. Qg1 Bxe2 19. Rxe2 Bxg3 20. hxg3 Qg4 21.
Kf2 Rh3 22. Bd2 O-O-O 23. Bc3 f6 24. Rf1 Rdh8 25. Rd2 e5 26. b4 b6 27. bxc5
dxc5 28. Ba1 Rh2+ 29. Ke1 Rh1 30. Qg2 Rxf1+ 31. Kxf1 Kc7 32. Bc3 Ne7 33. Re2
Nf5 34. Be1 Rh3 35. Qa8 Nd6 36. Qg2 Qh5 37. Kg1 Rh1+ 38. Qxh1 Qxe2 39. Qh7+ Kc6
40. Bf2 e4 41. dxe4 Nxe4 42. Qh2 b5 43. Qg2 f5 44. cxb5+ Kxb5 45. g4 Qxg4 46.
Qxg4 fxg4 47. Be1 Kc4 0-1

[Event "XVI Autunno Scacchistico A"]
[Site "Venezia ITA"]
[Date "2010.10.31"]
[Round "3"]
[White "Militello, Michele"]
[Black "Bitossi, Massimo"]
[Result "0-1"]
[WhiteElo "1814"]
[BlackElo "1936"]
[PlyCount "70"]
[EventDate "2010.10.30"]

1. d4 d5 2. Nf3 c6 3. e3 Nf6 4. Nbd2 Bf5 5. Be2 Nbd7 6. O-O e6 7. Ne1 Bd6 8. c4
Rc8 9. c5 Bb8 10. Ndf3 e5 11. dxe5 Nxe5 12. Nd4 Bg6 13. h3 Qc7 14. Nef3 Nxf3+
15. Nxf3 Be4 16. g3 O-O 17. Bd2 Nh5 18. Be1 Rfe8 19. Kh2 Qe7 20. Rg1 Qxc5 21.
b4 Qe7 22. a4 Nf6 23. Qb3 Nd7 24. a5 h5 25. Nd2 h4 26. Nf1 Ne5 27. Rd1 Bf3 28.
Qc2 Qf6 29. Bc3 Bxe2 30. Qxe2 Nf3+ 31. Kg2 Nxg1 32. Qc2 Qf3+ 33. Kxg1 hxg3 34.
fxg3 Bxg3 35. Nxg3 Rxe3 0-1

[Event "XVI Autunno Scacchistico A"]
[Site "Venezia ITA"]
[Date "2010.10.31"]
[Round "3"]
[White "Omeri, Silvan"]
[Black "Sorbera, Giovanni"]
[Result "1-0"]
[WhiteElo "2204"]
[BlackElo "2057"]
[PlyCount "127"]
[EventDate "2010.10.30"]

1. e4 Nf6 2. e5 Nd5 3. d4 d6 4. c4 Nb6 5. Nf3 Bg4 6. exd6 exd6 7. Nc3 Be7 8.
Be3 c6 9. b3 d5 10. c5 N6d7 11. Be2 Bf6 12. Ne5 Bxe2 13. Qxe2 O-O 14. f4 g6 15.
O-O Bg7 16. Qd3 f5 17. b4 Nxe5 18. dxe5 Na6 19. Rab1 Nc7 20. a4 Ne6 21. Bd4 Qe7
22. Qe3 Kh8 23. g3 g5 24. Ne2 gxf4 25. gxf4 Rg8 26. Kh1 Qf7 27. Qh3 Bf8 28. Rg1
Be7 29. Rxg8+ Rxg8 30. Rg1 a5 31. Rxg8+ Kxg8 32. bxa5 Qg6 33. Be3 Bxc5 34. Bxc5
Nxc5 35. Ng3 Ne4 36. Qh4 Nxg3+ 37. hxg3 Qg4 38. Qd8+ Kg7 39. Qe7+ Kg8 40. Qe6+
Kg7 41. Qd7+ Kg8 42. Qc8+ Kg7 43. Qxb7+ Kg8 44. Qc8+ Kg7 45. Qd7+ Kg8 46. Qd8+
Kf7 47. Qf6+ Ke8 48. Qxc6+ Ke7 49. Qd6+ Ke8 50. Qe6+ Kf8 51. Qf6+ Ke8 52. Qc6+
Ke7 53. Qc5+ Ke8 54. Qb5+ Ke7 55. Qd3 h5 56. Kh2 h4 57. a6 hxg3+ 58. Qxg3 Qh5+
59. Kg2 Qe2+ 60. Kh3 Qf1+ 61. Kh4 Qxa6 62. Qg7+ Ke8 63. Qh8+ Ke7 64. Qf6+ 1-0

[Event "XVI Autunno Scacchistico A"]
[Site "Venezia ITA"]
[Date "2010.10.31"]
[Round "3"]
[White "Polese, Marco"]
[Black "Vianello, Enrico"]
[Result "1-0"]
[WhiteElo "1925"]
[BlackElo "2181"]
[PlyCount "57"]
[EventDate "2010.10.30"]

1. d4 d5 2. Bf4 Nf6 3. e3 Nc6 4. Nf3 Bg4 5. Be2 e6 6. Nbd2 Bd6 7. Bg3 O-O 8. a3
Qe7 9. Ne5 Bxe2 10. Qxe2 Bxe5 11. dxe5 Nd7 12. f4 f6 13. exf6 Nxf6 14. O-O e5
15. f5 Rad8 16. b4 e4 17. Nb3 a6 18. Rad1 g6 19. Bh4 Rf7 20. Qf2 Kg7 21. Nc5
gxf5 22. Qxf5 Rd6 23. Nxb7 Re6 24. Nc5 Re5 25. Bxf6+ Rxf6 26. Qxf6+ Qxf6 27.
Rxf6 Kxf6 28. Nd7+ Ke6 29. Nxe5 1-0

[Event "XVI Autunno Scacchistico A"]
[Site "Venezia ITA"]
[Date "2010.10.31"]
[Round "3"]
[White "Profumo, Alberto"]
[Black "Rostolis, Riccardo"]
[Result "1-0"]
[WhiteElo "2250"]
[BlackElo "1875"]
[PlyCount "39"]
[EventDate "2010.10.30"]

1. Nf3 Nf6 2. c4 g6 3. Nc3 Bg7 4. g3 d6 5. d4 O-O 6. Bg2 Nc6 7. O-O e5 8. d5
Ne7 9. e4 Nh5 10. Ne1 a6 11. Nd3 Qe8 12. Be3 f6 13. Qd2 Qf7 14. f4 Bd7 15. Rae1
Rae8 16. fxe5 dxe5 17. g4 Nf4 18. Nxf4 exf4 19. Bxf4 Rc8 20. e5 1-0

[Event "XVI Autunno Scacchistico A"]
[Site "Venezia ITA"]
[Date "2010.10.31"]
[Round "3"]
[White "Redo, Stefano"]
[Black "Losso, Agostino"]
[Result "0-1"]
[WhiteElo "1912"]
[BlackElo "1791"]
[PlyCount "86"]
[EventDate "2010.10.30"]

1. e4 c5 2. Nf3 g6 3. c3 Bg7 4. d4 cxd4 5. cxd4 d5 6. e5 Bg4 7. Bb5+ Nc6 8. O-O
Qb6 9. Nc3 e6 10. h3 Bxf3 11. Qxf3 Qxd4 12. Rd1 Qxe5 13. Bf4 Qf6 14. Rxd5 Nge7
15. Ne4 Qxb2 16. Nd6+ Kf8 17. Bxc6 Qxa1+ 18. Rd1 Qf6 19. Bxb7 Rd8 20. Ne4 Rxd1+
21. Qxd1 Qd4 22. Qc2 Be5 23. Bh6+ Bg7 24. Be3 Qa1+ 25. Kh2 Be5+ 26. g3 Kg7 27.
Qc5 Nf5 28. Bd2 Qd4 29. Qa3 Qb6 30. Ba6 Rd8 31. Bb4 Nd6 32. Bc5 Qc6 33. Ng5 Ne4
34. Qf3 f5 35. Bb7 Qd7 36. Bxe4 fxe4 37. Qxe4 Qd5 38. Qg4 Re8 39. Bxa7 Bf6 40.
Ne4 Qf5 41. Qe2 Ra8 42. Nxf6 Qxf6 43. Qc4 Rxa7 0-1

[Event "XVI Autunno Scacchistico A"]
[Site "Venezia ITA"]
[Date "2010.10.31"]
[Round "3"]
[White "Rorato, Giovanni Riccardo"]
[Black "Pozzobon, Davide"]
[Result "1-0"]
[WhiteElo "2062"]
[BlackElo "1805"]
[PlyCount "41"]
[EventDate "2010.10.30"]

1. d4 Nf6 2. Nf3 e6 3. c4 b6 4. Nc3 Bb7 5. Qc2 d5 6. cxd5 exd5 7. Bg5 Nbd7 8.
e3 Be7 9. Bd3 O-O 10. O-O c5 11. Rad1 h6 12. Bh4 Re8 13. Bf5 a6 14. Ne5 c4 15.
a4 Qc7 16. f4 Bb4 17. Ne2 Kh8 18. Nxf7+ Kg8 19. Ne5 b5 20. Rf3 Be7 21. Be6+ 1-0

[Event "XVI Autunno Scacchistico A"]
[Site "Venezia ITA"]
[Date "2010.10.31"]
[Round "3"]
[White "Rorato, Renzo"]
[Black "Castellano, Alfonso"]
[Result "1-0"]
[WhiteElo "2053"]
[BlackElo "1920"]
[PlyCount "77"]
[EventDate "2010.10.30"]

1. Nf3 c5 2. c4 Nf6 3. g3 Nc6 4. Bg2 g6 5. O-O Bg7 6. Nc3 O-O 7. d4 cxd4 8.
Nxd4 Qa5 9. Nb3 Qh5 10. e4 Qxd1 11. Rxd1 d6 12. c5 Ne8 13. Bf4 dxc5 14. Nxc5 e5
15. Be3 Nc7 16. Nd5 Nb5 17. Rd2 Nbd4 18. h3 Rb8 19. Rc1 b6 20. Nd3 Ba6 21. Kh1
Kh8 22. f4 f6 23. N3b4 Bb7 24. Nxc6 Nxc6 25. f5 g5 26. Bf1 Rbc8 27. Rcd1 Rfd8
28. Kg2 Rd6 29. Kf3 Rcd8 30. b4 R8d7 31. Be2 Rd8 32. a3 R8d7 33. Nxb6 Nd4+ 34.
Bxd4 axb6 35. Be3 Rxd2 36. Rxd2 Rxd2 37. Bxd2 Bf8 38. Be3 g4+ 39. hxg4 1-0

[Event "XVI Autunno Scacchistico A"]
[Site "Venezia ITA"]
[Date "2010.10.31"]
[Round "3"]
[White "Rossi, Gianni"]
[Black "Bozzao, Francesco"]
[Result "1/2-1/2"]
[WhiteElo "1859"]
[BlackElo "1893"]
[PlyCount "51"]
[EventDate "2010.10.30"]

1. d4 d5 2. e4 dxe4 3. Nc3 Bf5 4. f3 exf3 5. Nxf3 Nf6 6. Bc4 e6 7. O-O c6 8.
Ne5 Bg6 9. Bg5 Be7 10. Nxg6 hxg6 11. Qd3 Nd5 12. Qf3 O-O 13. Bxe7 Nxe7 14. Rad1
Nd7 15. Ne4 Nb6 16. Bb3 Ned5 17. c4 Nc7 18. Qg3 f5 19. Ng5 Re8 20. Qh4 Qf6 21.
Qh7+ Kf8 22. Ne4 Qf7 23. Nd6 Qf6 24. Ne4 Qf7 25. Ng5 Qf6 26. Ne4 1/2-1/2

[Event "XVI Autunno Scacchistico A"]
[Site "Venezia ITA"]
[Date "2010.10.31"]
[Round "3"]
[White "Velluti, Alberto"]
[Black "Cavalleri, Giuseppe"]
[Result "1/2-1/2"]
[WhiteElo "1944"]
[BlackElo "1820"]
[PlyCount "114"]
[EventDate "2010.10.30"]

1. e4 e5 2. Bc4 d6 3. Nf3 Be7 4. d4 exd4 5. Nxd4 Nf6 6. Nc3 O-O 7. Be3 Bd7 8.
Qd2 a6 9. f3 b5 10. Bd3 c5 11. Nf5 Bxf5 12. exf5 d5 13. Bf4 Nc6 14. g4 c4 15.
Be2 d4 16. Ne4 Bb4 17. c3 Nxe4 18. fxe4 dxc3 19. bxc3 Qxd2+ 20. Kxd2 Rad8+ 21.
Kc2 Bd6 22. Bg5 f6 23. Bh4 Rfe8 24. Rad1 Bf4 25. a3 Rc8 26. Rhf1 Be3 27. Rd7
Ne5 28. Rd6 Rc6 29. Rfd1 Rxd6 30. Rxd6 Ra8 31. Bg3 Kf8 32. h4 h6 33. Rd5 Nf7
34. a4 Rd8 35. axb5 Rxd5 36. exd5 axb5 37. Bf3 Bc5 38. Bf4 Ke7 39. Kd2 Bf2 40.
h5 Bc5 41. Ke2 Bd6 42. Be3 Ne5 43. Bd4 Nd3 44. Be4 Nc1+ 45. Kd1 Nb3 46. Be3 Be5
47. Kc2 Kd6 48. Bb6 Nc5 49. Bxc5+ Kxc5 50. Bf3 b4 51. cxb4+ Kxb4 52. Bg2 Kc5
53. Bf3 Kd4 54. Bg2 Ke3 55. Bf1 Kf4 56. Be2 Ke3 57. d6 Bxd6 1/2-1/2

[Event "XVI Autunno Scacchistico A"]
[Site "Venezia ITA"]
[Date "2010.10.31"]
[Round "3"]
[White "Xia, Jie"]
[Black "Kizov, Atanas"]
[Result "0-1"]
[WhiteElo "2184"]
[BlackElo "2389"]
[PlyCount "74"]
[EventDate "2010.10.30"]

1. d4 Nf6 2. Nf3 g6 3. g3 Bg7 4. Bg2 O-O 5. O-O d6 6. Nc3 Nbd7 7. e4 e5 8. a4
a6 9. a5 Rb8 10. h3 b5 11. axb6 cxb6 12. Re1 b5 13. Bg5 Qc7 14. Nd5 Nxd5 15.
exd5 h6 16. Bc1 Bb7 17. dxe5 dxe5 18. d6 Qc8 19. Nh4 Bxg2 20. Kxg2 Rd8 21. Kh2
Qc6 22. Be3 Nf6 23. Qc1 Kh7 24. b4 Rxd6 25. Bc5 Re6 26. Re3 Ne4 27. Rxa6 Qxa6
28. Rxe4 Qc6 29. Re3 Bf8 30. Rf3 Rf6 31. Rxf6 Qxf6 32. Qe3 Bxc5 33. bxc5 Re8
34. Nf3 Qe6 35. Qe4 Rc8 36. Qh4 Kg7 37. Qb4 Qd5 0-1

[Event "XVI Autunno Scacchistico A"]
[Site "Venezia ITA"]
[Date "2010.10.31"]
[Round "3"]
[White "Zamengo, Bruno"]
[Black "Caldonazzo, Matteo"]
[Result "1/2-1/2"]
[WhiteElo "1841"]
[BlackElo "1910"]
[PlyCount "68"]
[EventDate "2010.10.30"]

1. e4 e6 2. f4 d5 3. e5 c5 4. Nf3 Nc6 5. d4 Qb6 6. c3 Bd7 7. g3 Nh6 8. Bh3 Rc8
9. a3 cxd4 10. Nxd4 Bc5 11. Nxc6 Bxc6 12. Rf1 g6 13. b4 Be3 14. a4 Bxc1 15.
Qxc1 Nf5 16. g4 Qe3+ 17. Qxe3 Nxe3 18. Rf2 h5 19. g5 Nc4 20. Nd2 Nb2 21. Bf1
Bd7 22. b5 Rxc3 23. Nb1 Nd3+ 24. Kd2 Nxf2 25. Nxc3 Ke7 26. Ke2 Ne4 27. Nxe4
dxe4 28. Rc1 Rc8 29. Rxc8 Bxc8 30. Bg2 Kd8 31. Bxe4 Kc7 32. Kd3 Bd7 33. Kc4 Kb6
34. Kb4 Kc7 1/2-1/2

[Event "XVI Autunno Scacchistico A"]
[Site "Venezia ITA"]
[Date "2010.11.01"]
[Round "4"]
[White "Bianchi, Andrea"]
[Black "De Nisi, Roberta"]
[Result "1-0"]
[WhiteElo "2148"]
[BlackElo "1931"]
[PlyCount "119"]
[EventDate "2010.10.30"]

1. e4 e6 2. d3 d5 3. Nd2 c5 4. Ngf3 Nc6 5. g3 Bd6 6. Bg2 Nge7 7. O-O O-O 8. Nh4
Rb8 9. f4 b5 10. f5 Be5 11. fxe6 Bd4+ 12. Kh1 fxe6 13. Rxf8+ Qxf8 14. Ndf3 Bf6
15. Qe2 Bb7 16. c3 b4 17. e5 Bxh4 18. Nxh4 Nf5 19. Nf3 Qf7 20. Ng5 Qg6 21. Bf3
Qe8 22. Bd2 h6 23. Nh3 bxc3 24. bxc3 Nce7 25. Nf4 Qc8 26. Qf2 g5 27. Nh5 Ng7
28. Nf6+ Kh8 29. d4 c4 30. h4 gxh4 31. g4 Ng6 32. Bxh6 Bc6 33. Bg5 Ne8 34. Nh5
Qb7 35. Rf1 Qb2 36. Be2 Rb7 37. Nf4 Qc2 38. Kg2 Qe4+ 39. Qf3 Qxf3+ 40. Rxf3
Nxf4+ 41. Rxf4 Rb2 42. Rf2 Rxa2 43. Bxh4 Rc2 44. g5 a5 45. Kg1 a4 46. Rf7 a3
47. Ra7 a2 48. Kf2 Ng7 49. g6 Ne8 50. Bf6+ Kg8 51. Ke3 Rxc3+ 52. Kf4 Rb3 53.
Bg4 Rb7 54. Bxe6+ Kf8 55. Rxa2 Rb1 56. Rh2 Rf1+ 57. Kg5 Rg1+ 58. Bg4 Nxf6 59.
exf6 Kg8 60. f7+ 1-0

[Event "XVI Autunno Scacchistico A"]
[Site "Venezia ITA"]
[Date "2010.11.01"]
[Round "4"]
[White "Bozzao, Francesco"]
[Black "Profumo, Alberto"]
[Result "0-1"]
[WhiteElo "1893"]
[BlackElo "2250"]
[PlyCount "74"]
[EventDate "2010.10.30"]

1. e4 c6 2. d4 d5 3. Nc3 dxe4 4. Nxe4 Bf5 5. Ng3 Bg6 6. h4 h6 7. Nf3 Nd7 8. h5
Bh7 9. Bd3 Bxd3 10. Qxd3 e6 11. Bd2 Ngf6 12. O-O-O Qc7 13. Ne4 O-O-O 14. Nxf6
gxf6 15. Qe2 Bd6 16. g3 f5 17. Kb1 Nf6 18. Ne5 Ne4 19. Bf4 Bxe5 20. Bxe5 Qb6
21. Rd3 f6 22. f3 fxe5 23. fxe4 exd4 24. exf5 exf5 25. Qe6+ Kb8 26. Qxf5 c5 27.
c3 Rhf8 28. Qe5+ Ka8 29. cxd4 Rfe8 30. Qf4 Re2 31. Rb3 Qc6 32. Rc1 Rxd4 33.
Qf8+ Re8 34. Qxc5 Qe4+ 35. Ka1 Rc4 36. Qg1 Qd4 37. Qxd4 Rxc1# 0-1

[Event "XVI Autunno Scacchistico A"]
[Site "Venezia ITA"]
[Date "2010.11.01"]
[Round "4"]
[White "Caldonazzo, Matteo"]
[Black "Carlassara, Renato"]
[Result "1-0"]
[WhiteElo "1910"]
[BlackElo "1831"]
[PlyCount "39"]
[EventDate "2010.10.30"]

1. Nf3 d5 2. d4 Nf6 3. e3 e6 4. Bd3 Bd6 5. b3 Nbd7 6. Bb2 O-O 7. O-O Re8 8. Ne5
Bf8 9. Nd2 c6 10. Qf3 Qc7 11. Qh3 g6 12. Ndf3 Bg7 13. Ng5 Rf8 14. Nexf7 Rxf7
15. Qxe6 Ne5 16. Qxe5 Ng4 17. Qxc7 Rxc7 18. c4 Nh6 19. cxd5 cxd5 20. Rac1 1-0